| 000 | 00449 a2200109 4500 | ||
|---|---|---|---|
| 001 | ART_52612 | ||
| 005 | 20260410161946.0 | ||
| 008 | 260409a | ||
| 245 | 1 | 0 | _aEl dilema de la opción con renuncia del artículo 4 de la ley 26773 frente a otros sistemas de reparación y sancionatorios fundados en la ley de defensa del consumidor |
| 100 | 1 | _aFavier, Daniela | |
| 773 | 0 |
_tTemas de derecho laboral _g- N° 6 (jun. 2021) _wREV27619 |
|
| 999 |
_c29939 _d29939 |
||